00499nam a2200157Ia 4500008004100000082001700041100002400058245002400082250000800106260003300114300000900147650001400156942001200170952014400182999001500326150301s2010 xx 000 0 und d a616.07bW10K aKAUSHANSKY, KENNETH aWILLIAMS HEMATOLOGY a8TH bMC GRAW HILLaNEW YORKc2010 a2439 aPATHOLOGY 2ddccBK 00102ddc40718MEDICALaFMbFMcREFd2015-07-02eABC DELHIg0.00iSGTUl0o616.07 W10KpFM7028r2015-07-02 00:00:00w2014-10-25yBKk4960 c6689d6689